MARC details
| 000 -CABECERA |
| campo de control de longitud fija |
01213nam a2200289 u 4500 |
| 005 - FECHA Y HORA DE LA ÚLTIMA TRANSACCIÓN |
| campo de control |
20251022095518.0 |
| 008 - ELEMENTOS DE LONGITUD FIJA--INFORMACIÓN GENERAL |
| campo de control de longitud fija |
191119s2017 mx ab r 000 0 spa d |
| 020 ## - NÚMERO INTERNACIONAL NORMALIZADO PARA LIBROS |
| Número Internacional Estándar del Libro |
9786074174489 (Universidad Iberoamericana, A.C.) |
| 020 ## - NÚMERO INTERNACIONAL NORMALIZADO PARA LIBROS |
| Número Internacional Estándar del Libro |
9786078500246 (El Colegio de San Luis) |
| 035 ## - NÚMERO DE CONTROL DEL SISTEMA |
| Número de control de sistema |
UPN01000234060 |
| 040 ## - FUENTE DE LA CATALOGACIÓN |
| Centro catalogador/agencia de origen |
MX-MxUPN |
| Lengua de catalogación |
spa |
| Centro/agencia transcriptor |
MX-MxUPN |
| 050 #4 - SIGNATURA TOPOGRÁFICA DE LA BIBLIOTECA DEL CONGRESO |
| Número de clasificación |
HC132.5 A2 |
| Número de documento/Ítem |
E47 2017 |
| 245 00 - MENCIÓN DE TÍTULO |
| Título |
Empresarios, sociedad y cultura, siglos XVI a XVIII : |
| Resto del título |
de la Europa del Renacimiento al México nacional / |
| Mención de responsabilidad, etc. |
María Cristina Torales Pacheco, coordinadora. |
| 250 ## - MENCIÓN DE EDICIÓN |
| Mención de edición |
Primera edición |
| 260 ## - PUBLICACIÓN, DISTRIBUCIÓN, ETC. |
| Lugar de publicación, distribución, etc. |
Ciudad de México : |
| Nombre del editor, distribuidor, etc. |
Universidad Iberoamericana |
| 260 ## - PUBLICACIÓN, DISTRIBUCIÓN, ETC. |
| Lugar de publicación, distribución, etc. |
San Luis Potosí, S.L.P. : |
| Nombre del editor, distribuidor, etc. |
El Colegio de San Luis, |
| Fecha de publicación, distribución, etc. |
2017. |
| 300 ## - DESCRIPCIÓN FÍSICA |
| Extensión |
156 páginas : |
| Otras características físicas |
ilustraciones, 1 mapa |
| 650 #2 - ASIENTO SECUNDARIO DE MATERIA - TERMINO TEMATICO |
| 9 (RLIN) |
12849 |
| Término de materia o nombre geográfico como elemento de entrada |
Empresarios |
| Subdivisión de forma |
Biografía |
| Subdivisión geográfica |
México |
| 650 #4 - ASIENTO SECUNDARIO DE MATERIA - TERMINO TEMATICO |
| Término de materia o nombre geográfico como elemento de entrada |
Libros |
| Subdivisión general |
Industria y comercio |
| Subdivisión geográfica |
Europa |
| Subdivisión general |
Historia |
| 9 (RLIN) |
45580 |
| 651 #2 - ASIENTO SECUNDARIO DE MATERIA - NOMBRE GEOGRAFICO |
| 9 (RLIN) |
8842 |
| Nombre geográfico |
México |
| Subdivisión general |
Comercio |
| -- |
Historia |
| 651 #0 - ASIENTO SECUNDARIO DE MATERIA - NOMBRE GEOGRAFICO |
| 9 (RLIN) |
45577 |
| Nombre geográfico |
México |
| Subdivisión general |
Comercio |
| -- |
Historia |
| Subdivisión geográfica |
Europa |
| 651 #0 - ASIENTO SECUNDARIO DE MATERIA - NOMBRE GEOGRAFICO |
| 9 (RLIN) |
45578 |
| Nombre geográfico |
Europa |
| Subdivisión general |
Comercio |
| Subdivisión geográfica |
México |
| 700 1# - ASIENTO SECUNDARIO--NOMBRE DE PERSONAL |
| Nombre de persona |
Torales Pacheco, Ma. Cristina |
| Forma completa/desarrollada del nombre |
(María Cristina) |
| Término indicativo de función/relación |
editora |
| 9 (RLIN) |
45579 |
| 905 ## - TIPO DE MATERIAL |
| Tipo de material |
Libro |
| 942 ## - ELEMENTOS DE PUNTO DE ACCESO ADICIONAL (KOHA) |
| Suprimir en OPAC |
No |
| Fuente del sistema de clasificación o colocación |
Library of Congress Classification |
| Tipo de ítem Koha |
Libro |